000 00649nam a2200205Ia 4500
003 GCL
008 140319s9999 xx 000 0 ara d
040 _aGCL /
_cGCL
082 0 4 _a956
_bن م
100 1 _aنجدة فتحى صفوة
245 1 0 _aمن نافذة السفاره العرب فى ضوء الوثائق البريطانية /
_cنجدة فتحى صفوة
260 _a[S.N] :
_bرياض الريس للكتب والنشر ،
_c1992
300 _a341
490 _a
650 0 4 _aالعصر الحديث
650 0 4 _aتاريخ
650 0 4 _aالشرق الاوسط
650 0 4 _aالدول العربية
942 _2ddc
_cBK
999 _c57935
_d57935